000 00600cam a2200217 4500500
005 20260329003141.0
041 _afre
042 _adc
100 1 0 _aEltchaninoff, Michel
_eauthor
245 0 0 _aExit vs. Voice
260 _c2014.
500 _a88
690 _aAlbert O. Hirschman
690 _aExil
690 _aExit
690 _aLoyauté
690 _aSubir
690 _aVoice
786 0 _nPhilosophie magazine | 85 | 12-1 | 2014-12-01 | p. 29-30 | 1951-1787
856 4 1 _uhttps://shs.cairn.info/magazine-philosophie-magazine-2014-12-1-page-29?lang=fr&redirect-ssocas=7080
999 _c1821862
_d1821862